00739nam a22002057a 4500999001700000003000400017005001700021008004100038020006000079040001000139082001500149100002900164245005400193250001200247260005000259300003600309650002000345942001200365952015600377 c31899d31899OSt20250423112421.0250423b ||||| |||| 00| 0 eng d a9788189928117cRs 595.00 (Combined price for Vol.1 & 2) cimukc a510bS5313 95843aSharma, R. D.cDr. aMathematics : class xii. volume 2 /cR.D. Sharma. a6th ed. aNew Delhi :bDhanpat Rai Publications,c2013. a33.31 + A16 p. :bill. ;c24 cm 0931aMathematics 2ddccBK 00102ddc4070aCLbCLd2025-04-16eGifted by RAdm (Dr.) P J Rangachari (Retd), Director IMU-KCg595.00o510 S5313pG01321r2025-04-23w2025-04-23yBK